[Event "CAN-ch U20 U1800"]
[Site "Toronto CAN"]
[Date "2019.08.08"]
[Round "1.30"]
[White "Wang, Derek"]
[Black "Zhang, Henry X"]
[Result "1/2-1/2"]
[WhiteElo "1370"]
[BlackElo "1589"]
[PlyCount "100"]
[EventDate "2019.08.08"]
[EventType "swiss"]
[EventRounds "8"]
[EventCountry "CAN"]

1. Nf3 Nf6 2. d4 d6 3. c4 g6 4. Nc3 Bg7 5. Bf4 O-O 6. e3 Nbd7 7. Be2 c5 8. O-O
a6 9. h3 b6 10. Qd2 Bb7 11. d5 Qc7 12. Rfd1 Rad8 13. Rac1 Ne8 14. e4 Ndf6 15.
e5 dxe5 16. Nxe5 Nd6 17. Nf3 Qc8 18. Bd3 e6 19. Na4 Qc7 20. dxe6 fxe6 21. Be2
Nfe4 22. Qe3 Qc6 23. Bxd6 Rxd6 24. Rxd6 Qxd6 25. Bd3 Nf6 26. Nc3 Nh5 27. Be4
Bxe4 28. Nxe4 Qe7 29. Nc3 Nf4 30. Nd5 Nxd5 31. cxd5 e5 32. Qb3 Kh8 33. Qxb6 e4
34. Re1 Qf7 35. Rxe4 Qxd5 36. Qe6 Qxe6 37. Rxe6 Bxb2 38. Re4 Rc8 39. Rc4 Kg7
40. Kf1 a5 41. Ke2 Kf6 42. Nd2 Ba3 43. Nb3 Bb4 44. a3 Bxa3 45. Nxa5 Ke5 46. Kd3
Rf8 47. Re4+ Kd5 48. f3 Rb8 49. Nc4 Bb2 50. Ne3+ Kd6 1/2-1/2

[Event "CAN-ch U20 U1800"]
[Site "Toronto CAN"]
[Date "2019.08.08"]
[Round "1.31"]
[White "Sokol, Anna"]
[Black "Chen, Vincent"]
[Result "1/2-1/2"]
[WhiteElo "1588"]
[BlackElo "1368"]
[PlyCount "91"]
[EventDate "2019.08.08"]
[EventType "swiss"]
[EventRounds "8"]
[EventCountry "CAN"]

1. e4 c5 2. d3 Nc6 3. Nf3 d6 4. g3 Nf6 5. Bg2 e6 6. O-O Be7 7. Re1 Bd7 8. a4 a6
9. Nbd2 Qc7 10. Nc4 O-O 11. Bd2 b5 12. Ne3 d5 13. exd5 exd5 14. axb5 axb5 15.
Nh4 d4 16. Nef5 Rxa1 17. Nxe7+ Nxe7 18. Qxa1 Ng6 19. Nxg6 fxg6 20. Bf4 Qc8 21.
Bd6 Rf7 22. Qa8 Qxa8 23. Bxa8 c4 24. Bc5 cxd3 25. cxd3 h6 26. Bxd4 Bf5 27. Be4
Rd7 28. Bxf5 gxf5 29. Bxf6 gxf6 30. Re8+ Kf7 31. Rb8 Rxd3 32. Rxb5 Rd2 33. Kg2
Rc2 34. b4 Rb2 35. Rb8 Kg7 36. b5 Rb3 37. b6 Rb2 38. b7 Rb3 39. h3 Rb2 40. Kf3
Rb3+ 41. Kf4 Rb2 42. Kf3 Rb3+ 43. Kg2 Rb2 44. Kf3 Rb3+ 45. Kg2 Rb6 46. Kf3
1/2-1/2

[Event "CAN-ch U20 U1800"]
[Site "Toronto CAN"]
[Date "2019.08.08"]
[Round "1.33"]
[White "Zhuang, Winnie"]
[Black "Zhou, Johnson"]
[Result "1-0"]
[WhiteElo "1537"]
[BlackElo "1358"]
[PlyCount "69"]
[EventDate "2019.08.08"]
[EventType "swiss"]
[EventRounds "8"]
[EventCountry "CAN"]

1. e4 e6 2. d4 d5 3. Nd2 c5 4. exd5 Qxd5 5. Ngf3 Nc6 6. Bc4 Qd8 7. Nb3 cxd4 8.
Nbxd4 Nxd4 9. Nxd4 Bc5 10. Nb5 Qe7 11. O-O Nf6 12. Bf4 O-O 13. Qe2 Bd7 14. a3
Rac8 15. Rad1 Bc6 16. b4 Bb6 17. Bd6 Qe8 18. Bxf8 Qxf8 19. Nd4 Be4 20. Nb5 Nd5
21. Qxe4 a6 22. Bxd5 exd5 23. Qxd5 axb5 24. Qxb7 Rb8 25. Qe4 g6 26. Rd7 Qc8 27.
Qd5 Qe8 28. Qd2 Qe5 29. Re1 Qf6 30. Ree7 Rf8 31. Re2 Ra8 32. Rd6 Qa1+ 33. Re1
Qxa3 34. Rxb6 Qa2 35. Rd6 1-0

[Event "CAN-ch U20 U1800"]
[Site "Toronto CAN"]
[Date "2019.08.08"]
[Round "1.35"]
[White "Mugunthan, Vaamanan"]
[Black "Wu, Ingrid"]
[Result "1-0"]
[WhiteElo "1508"]
[BlackElo "1313"]
[PlyCount "95"]
[EventDate "2019.08.08"]
[EventType "swiss"]
[EventRounds "8"]
[EventCountry "CAN"]

1. e4 c5 2. Nf3 d6 3. d4 cxd4 4. Nxd4 Nf6 5. Nc3 a6 6. Be3 e6 7. Be2 b5 8. a3
Bb7 9. f3 Nbd7 10. O-O Qc7 11. Bd3 Ne5 12. Qe2 Rc8 13. f4 Nc4 14. Ndxb5 axb5
15. Nxb5 Qd7 16. Bxc4 Bxe4 17. Na7 Rc7 18. Bb5 Bc6 19. Bxc6 Rxc6 20. Nxc6 Qxc6
21. a4 Nd7 22. a5 d5 23. a6 Bd6 24. a7 O-O 25. Ra6 Qb7 26. Rxd6 Ra8 27. Rd1 Nf6
28. Qa6 Qe7 29. Rb6 Qe8 30. Rd3 Nd7 31. Rb7 h6 32. Rdb3 Kh7 33. Qb5 Nf6 34.
Qxe8 Nxe8 35. Rb8 Nc7 36. Rxa8 Nxa8 37. Rb8 Nc7 38. Bb6 Na6 39. Rc8 f6 40. a8=Q
Nb4 41. Qa3 Nxc2 42. Qd3+ f5 43. Qxc2 h5 44. Qc3 Kg6 45. Rc7 h4 46. Rxg7+ Kh6
47. Qf6+ Kh5 48. Qg5# 1-0

[Event "CAN-ch U20 U1800"]
[Site "Toronto CAN"]
[Date "2019.08.08"]
[Round "1.36"]
[White "Guo, Anni"]
[Black "Wang, Andrew"]
[Result "0-1"]
[WhiteElo "1300"]
[BlackElo "1495"]
[PlyCount "98"]
[EventDate "2019.08.08"]
[EventType "swiss"]
[EventRounds "8"]
[EventCountry "CAN"]

1. e4 e5 2. Nf3 Nf6 3. Nc3 Nc6 4. Bb5 Bc5 5. O-O d6 6. h3 O-O 7. d3 h6 8. Na4
Bb6 9. Nxb6 axb6 10. Bc4 Be6 11. Bxe6 fxe6 12. c3 d5 13. Re1 dxe4 14. dxe4 Qxd1
15. Rxd1 Nxe4 16. Re1 Nc5 17. Nxe5 Nxe5 18. Rxe5 Rxf2 19. Rxe6 Nxe6 20. Kxf2
Nc5 21. Ke2 Nb3 22. Rb1 Rxa2 23. Be3 Nc5 24. Bxc5 bxc5 25. Kd3 b5 26. Kc2 Kf7
27. Re1 Kf6 28. Re4 Ra6 29. Kd3 Rd6+ 30. Ke3 Re6 31. Rxe6+ Kxe6 32. Ke4 b4 33.
c4 g6 34. g3 g5 35. h4 c6 36. b3 Kf6 37. h5 Ke6 38. Kf3 Ke5 39. Ke3 g4 40. Kf2
Kd4 41. Ke2 Kc3 42. Kd1 Kxb3 43. Kc1 Kxc4 44. Kc2 b3+ 45. Kc1 Kc3 46. Kb1 b2
47. Ka2 Kc2 48. Ka3 b1=R 49. Ka4 Ra1# 0-1

[Event "CAN-ch U20 U1800"]
[Site "Toronto CAN"]
[Date "2019.08.08"]
[Round "1.37"]
[White "Zhu, Ricky"]
[Black "Xu, Xinge"]
[Result "1-0"]
[WhiteElo "1481"]
[BlackElo "1282"]
[PlyCount "119"]
[EventDate "2019.08.08"]
[EventType "swiss"]
[EventRounds "8"]
[EventCountry "CAN"]

1. e4 c5 2. c3 Nf6 3. e5 Nd5 4. d4 e6 5. Nf3 Nc6 6. Be2 Be7 7. O-O O-O 8. Nbd2
Nb6 9. Ne4 cxd4 10. cxd4 d5 11. exd6 Bxd6 12. Nxd6 Qxd6 13. Be3 f5 14. Bc1 Rd8
15. Bg5 Rd7 16. Bb5 a6 17. Bxc6 bxc6 18. Ne5 Rc7 19. Bf4 Qd5 20. b3 Re7 21. Rc1
Bb7 22. Qd2 c5 23. f3 Qxd4+ 24. Qxd4 cxd4 25. Rfd1 Nd5 26. Bg3 Nc3 27. Rd2 Rc8
28. Re1 g5 29. Bf2 Rd8 30. a4 d3 31. Re3 Rc7 32. Rexd3 Rxd3 33. Rxd3 Nd5 34.
Bd4 Nf4 35. Rd2 Bd5 36. b4 Rc1+ 37. Kf2 Rb1 38. Bc5 Ra1 39. a5 Ng6 40. Nd7 Bc4
41. g3 Rf1+ 42. Kg2 Ra1 43. Kf2 Rf1+ 44. Kg2 Ra1 45. Nb6 Bf1+ 46. Kf2 Bb5 47.
Rd8+ Kg7 48. Bd4+ e5 49. Bxa1 Kh6 50. Rd5 Bc6 51. Rc5 Bb5 52. Rxb5 axb5 53. a6
Ne7 54. a7 Nd5 55. Nxd5 g4 56. a8=Q gxf3 57. Bxe5 f4 58. Qf8+ Kg6 59. Qf6+ Kh5
60. Kxf3 1-0

[Event "CAN-ch U20 U1800"]
[Site "Toronto CAN"]
[Date "2019.08.08"]
[Round "1.38"]
[White "Singh, Anya"]
[Black "Yao, Henry"]
[Result "1-0"]
[WhiteElo "1243"]
[BlackElo "1475"]
[PlyCount "107"]
[EventDate "2019.08.08"]
[EventType "swiss"]
[EventRounds "8"]
[EventCountry "CAN"]

1. e4 e6 2. d4 d5 3. Nc3 dxe4 4. Nxe4 Nd7 5. Nf3 Ngf6 6. Nxf6+ Nxf6 7. Be2 Be7
8. O-O O-O 9. c4 c5 10. Be3 Qc7 11. Qc2 b6 12. Rad1 Bb7 13. Rd2 Ng4 14. Ne5
Nxe5 15. dxe5 Rad8 16. Rfd1 Qxe5 17. Rd7 Bd6 18. R1xd6 Rxd7 19. Rxd7 Bc6 20.
Rxa7 Qb8 21. Ra3 Qb7 22. f3 e5 23. Bd3 h6 24. Be4 Bxe4 25. Qxe4 Qc7 26. Ra6 f5
27. Qd5+ Kh7 28. Ra8 Rxa8 29. Qxa8 Qd7 30. Qd5 Qe7 31. a3 Qh4 32. g3 Qe7 33.
Kf2 Kh8 34. Qa8+ Kh7 35. Qc6 Qd8 36. Qe6 Qd3 37. Qxe5 Qc2+ 38. Kg1 Qd1+ 39. Kf2
Qc2+ 40. Ke1 Qxh2 41. Qxf5+ Kh8 42. Qe5 Qh1+ 43. Ke2 Qb1 44. Qb8+ Kh7 45. Qxb6
Qc2+ 46. Ke1 Qxc4 47. Qxc5 Qb3 48. Qc3 Qb7 49. Kf2 Qd7 50. Kg2 Qb5 51. Qc2+ Kh8
52. a4 Qa5 53. Bd2 Qa6 54. Bc3 1-0

[Event "CAN-ch U20 U1800"]
[Site "Toronto CAN"]
[Date "2019.08.08"]
[Round "1.39"]
[White "Ruchinskaya, Valerie"]
[Black "Zuo, Roger"]
[Result "1-0"]
[WhiteElo "1460"]
[BlackElo "1235"]
[PlyCount "113"]
[EventDate "2019.08.08"]
[EventType "swiss"]
[EventRounds "8"]
[EventCountry "CAN"]

1. d4 d5 2. c4 e6 3. Nc3 Nf6 4. cxd5 exd5 5. Bg5 Be7 6. e3 Nc6 7. a3 a6 8. Bd3
h6 9. Bh4 O-O 10. Nge2 Re8 11. O-O Bd6 12. h3 Be6 13. b4 b5 14. Qb3 Qd7 15. Bg3
Bxg3 16. Nxg3 Kh8 17. Rfc1 Rac8 18. Qc2 Nd8 19. a4 c6 20. axb5 axb5 21. Ra3 Qd6
22. Qb2 Nb7 23. Rca1 Qf8 24. Ra7 Nd6 25. Qa3 Nc4 26. Bxc4 dxc4 27. Qb2 Re7 28.
R7a6 Rd7 29. R1a5 Rb7 30. Qa3 Rbb8 31. Ra7 Re8 32. R5a6 Rbc8 33. Qa5 Nd5 34.
Nxd5 Bxd5 35. Ne2 Red8 36. Nf4 Be6 37. Nxe6 fxe6 38. Rb6 Rd6 39. Qa6 Rdd8 40.
Qa5 Rd6 41. Rbb7 e5 42. Qa1 Rf6 43. dxe5 Rxf2 44. e6 Rf6 45. Rf7 Rxf7 46. Rxf7
Qg8 47. Qf1 Re8 48. e7 c3 49. Rf8 c2 50. Rxg8+ Rxg8 51. Qc1 Re8 52. Qxc2 Rxe7
53. Qxc6 Rxe3 54. Qxb5 Re1+ 55. Kf2 Rb1 56. Qe8+ Kh7 57. Qe4+ 1-0

[Event "CAN-ch U20 U1800"]
[Site "Toronto CAN"]
[Date "2019.08.08"]
[Round "1.40"]
[White "Liu, Ricky"]
[Black "Lin, Joey"]
[Result "1-0"]
[WhiteElo "856"]
[BlackElo "1450"]
[PlyCount "45"]
[EventDate "2019.08.08"]
[EventType "swiss"]
[EventRounds "8"]
[EventCountry "CAN"]

1. e4 c5 2. Nf3 d6 3. d4 cxd4 4. Nxd4 Nf6 5. Nc3 g6 6. Bc4 Bg7 7. Be3 O-O 8. f3
a6 9. Bb3 b5 10. Qd2 Bb7 11. g4 Nc6 12. O-O-O Rc8 13. Kb1 Qc7 14. h4 Nxd4 15.
Bxd4 Kh8 16. h5 Rce8 17. h6 e5 18. hxg7+ Kxg7 19. Qh6+ Kg8 20. Be3 b4 21. Bg5
Bxe4 22. Bxf6 Bxc2+ 23. Bxc2 1-0

[Event "CAN-ch U20 U1800"]
[Site "Toronto CAN"]
[Date "2019.08.08"]
[Round "2.21"]
[White "Srinivas, Atharva"]
[Black "Zhuang, Winnie"]
[Result "1-0"]
[WhiteElo "1720"]
[BlackElo "1537"]
[PlyCount "117"]
[EventDate "2019.08.08"]
[EventType "swiss"]
[EventRounds "8"]
[EventCountry "CAN"]

1. e4 e6 2. d4 d5 3. e5 c5 4. c3 Nc6 5. Nf3 Qb6 6. a3 a5 7. Bd3 Bd7 8. Bc2 Be7
9. O-O cxd4 10. cxd4 Rc8 11. Nc3 f6 12. Ba4 fxe5 13. Bxc6 bxc6 14. Nxe5 Nf6 15.
Re1 c5 16. Na4 Qb5 17. Nxd7 Qxd7 18. Nb6 Qd8 19. Nxc8 Qxc8 20. dxc5 Bxc5 21.
Qa4+ Qd7 22. Rxe6+ Be7 23. Qxd7+ Kxd7 24. Ra6 a4 25. Bf4 Rc8 26. Rc1 Rxc1+ 27.
Bxc1 d4 28. Rxa4 Bc5 29. Kf1 Bb6 30. Ke2 Bc5 31. f3 Ke6 32. Kd3 Nd7 33. Bf4 h6
34. Ra6+ Ke7 35. Rc6 Ba7 36. b4 g5 37. Bd6+ Ke8 38. Rc8+ Kf7 39. Rc7 Ke6 40.
Rxa7 Kxd6 41. Rxd7+ Kxd7 42. Kxd4 Kd6 43. a4 Kc6 44. b5+ Kb6 45. Ke5 h5 46. Kf5
g4 47. fxg4 hxg4 48. Kxg4 Ka5 49. h4 Kb6 50. h5 Ka5 51. h6 Kb6 52. h7 Ka5 53.
h8=Q Kb6 54. Qc3 Kb7 55. Qc6+ Kb8 56. Qd7 Ka8 57. b6 Kb8 58. Qc7+ Ka8 59. Qa7#
1-0

[Event "CAN-ch U20 U1800"]
[Site "Toronto CAN"]
[Date "2019.08.08"]
[Round "2.22"]
[White "Wang, Eric"]
[Black "Uthayakumar, Ronan"]
[Result "1-0"]
[WhiteElo "1530"]
[BlackElo "1704"]
[PlyCount "97"]
[EventDate "2019.08.08"]
[EventType "swiss"]
[EventRounds "8"]
[EventCountry "CAN"]

1. e4 c5 2. c3 Nf6 3. e5 Nd5 4. d4 cxd4 5. Nf3 d6 6. cxd4 g6 7. Bc4 Nb6 8. Bb3
Bg7 9. Ng5 d5 10. f4 h6 11. Nf3 Bg4 12. O-O Nc6 13. h3 Bxf3 14. Rxf3 e6 15. Nc3
a6 16. Bc2 h5 17. a3 h4 18. b3 Nc8 19. Be3 N8e7 20. Qd2 Nf5 21. Bxf5 gxf5 22.
b4 Bf8 23. Qd3 b5 24. Rf2 Qb6 25. Rc2 Bxb4 26. axb4 Nxb4 27. Qd2 Nxc2 28. Qxc2
Kd7 29. Qb2 Rhc8 30. Na4 Qc7 31. Nc5+ Ke8 32. Bf2 Qb6 33. Be1 Rxc5 34. dxc5
Qxc5+ 35. Kh1 Qb6 36. Bf2 Qc7 37. Rc1 Qa5 38. Qc2 Kf8 39. Qc5+ Kg8 40. Bxh4 Qd2
41. Bg3 b4 42. Qc6 Rb8 43. Rc2 Qd1+ 44. Kh2 b3 45. Rb2 Qa1 46. Qc3 Qd1 47. Bf2
Rb5 48. Qc8+ Kg7 49. Bh4 1-0

[Event "CAN-ch U20 U1800"]
[Site "Toronto CAN"]
[Date "2019.08.08"]
[Round "2.23"]
[White "Jeyakumar, Bhavatharshan"]
[Black "Mugunthan, Vaamanan"]
[Result "1-0"]
[WhiteElo "1657"]
[BlackElo "1508"]
[PlyCount "85"]
[EventDate "2019.08.08"]
[EventType "swiss"]
[EventRounds "8"]
[EventCountry "CAN"]

1. e4 e5 2. Nf3 Nc6 3. Bb5 a6 4. Ba4 Nf6 5. O-O Be7 6. Re1 b5 7. Bb3 d6 8. c3
O-O 9. h3 Bb7 10. d4 exd4 11. cxd4 Nd7 12. Bf4 Re8 13. Nbd2 Bf6 14. Nf1 Na5 15.
Bc2 Nc4 16. b3 Na3 17. Bd3 d5 18. e5 Be7 19. Ng3 Bb4 20. Bxh7+ Kxh7 21. Ng5+
Kg8 22. Qh5 Nf8 23. Qxf7+ Kh8 24. e6 Qf6 25. Qh5+ Kg8 26. Be5 Qg6 27. Rac1 c6
28. Qh4 Bd2 29. f4 Bxc1 30. Rxc1 Nxe6 31. Nh5 Nxg5 32. fxg5 Rxe5 33. dxe5 Qh7
34. Qg4 Qg6 35. Nf4 Qe8 36. e6 g6 37. h4 d4 38. h5 Rd8 39. hxg6 Rd6 40. Qf5 Bc8
41. Qf7+ Qxf7 42. gxf7+ Kf8 43. Ng6+ 1-0

[Event "CAN-ch U20 U1800"]
[Site "Toronto CAN"]
[Date "2019.08.08"]
[Round "2.24"]
[White "Darvekar, Yash"]
[Black "Zhu, Ricky"]
[Result "1-0"]
[WhiteElo "1628"]
[BlackElo "1481"]
[PlyCount "97"]
[EventDate "2019.08.08"]
[EventType "swiss"]
[EventRounds "8"]
[EventCountry "CAN"]

1. e4 c5 2. Nf3 d6 3. c3 Nf6 4. Be2 Nc6 5. d4 cxd4 6. cxd4 e6 7. Nc3 Be7 8. O-O
O-O 9. Be3 a6 10. h3 b5 11. a3 Bb7 12. Nd2 Rc8 13. Rc1 h6 14. b4 Nb8 15. Bf3
Nbd7 16. Nb3 Nb6 17. Na5 Ba8 18. e5 Ne8 19. Bxa8 Nxa8 20. Ne4 Qd7 21. exd6 Bxd6
22. Nc5 Bxc5 23. dxc5 Nf6 24. Qxd7 Nxd7 25. f4 Rfe8 26. Nb7 Rc6 27. Rfd1 Nf6
28. Rd6 Rc7 29. Na5 Nd5 30. Bd2 Rcc8 31. Rxa6 Nac7 32. Rc6 Nf6 33. Nb7 Ncd5 34.
Rxc8 Rxc8 35. Nd6 Rc6 36. a4 Ra6 37. axb5 Ra2 38. Rd1 Nh5 39. b6 Ra8 40. b7 Rb8
41. c6 Nhf6 42. Ra1 Nc7 43. b5 Nfd5 44. Ba5 Kh7 45. Bxc7 Nxc7 46. b6 Ne8 47.
Nxe8 Rxe8 48. c7 Re7 49. c8=Q 1-0

[Event "CAN-ch U20 U1800"]
[Site "Toronto CAN"]
[Date "2019.08.08"]
[Round "2.25"]
[White "Wang, Andrew"]
[Black "Gao, Lucy"]
[Result "1/2-1/2"]
[WhiteElo "1495"]
[BlackElo "1628"]
[PlyCount "94"]
[EventDate "2019.08.08"]
[EventType "swiss"]
[EventRounds "8"]
[EventCountry "CAN"]

1. e4 e5 2. Nf3 Nc6 3. Bc4 Nf6 4. d3 Be7 5. O-O O-O 6. Nc3 d6 7. h3 Na5 8. Bb3
Nxb3 9. axb3 c6 10. d4 Qc7 11. Be3 b5 12. Qd2 Bb7 13. dxe5 dxe5 14. Rxa7 Rxa7
15. Bxa7 Ba6 16. Be3 b4 17. Ne2 Nxe4 18. Qe1 Rd8 19. Nd2 Nf6 20. Nc4 Nd5 21.
Ng3 Nxe3 22. Qxe3 g6 23. Re1 f6 24. Kh1 Rd5 25. Ra1 Bc5 26. Qf3 Bxc4 27. bxc4
Rd8 28. Ne4 Be7 29. Nxf6+ Kg7 30. Ne4 Rf8 31. Qe3 Qd7 32. Ng3 Qd4 33. Qxd4 exd4
34. Ra7 Rf7 35. Ne4 Bf6 36. Ra6 Rc7 37. b3 Be7 38. c5 Kf7 39. Rb6 Ke6 40. Rxb4
Kd5 41. f3 Bxc5 42. Nxc5 Kxc5 43. Rc4+ Kd5 44. Kg1 Re7 45. Kf2 Re3 46. h4 c5
47. g4 h6 1/2-1/2

[Event "CAN-ch U20 U1800"]
[Site "Toronto CAN"]
[Date "2019.08.08"]
[Round "2.26"]
[White "Petrovic, Milos"]
[Black "Ruchinskaya, Valerie"]
[Result "1-0"]
[WhiteElo "1610"]
[BlackElo "1460"]
[PlyCount "83"]
[EventDate "2019.08.08"]
[EventType "swiss"]
[EventRounds "8"]
[EventCountry "CAN"]

1. e4 e6 2. d4 d5 3. Nc3 Nf6 4. e5 Nfd7 5. f4 c5 6. Nf3 Nc6 7. Be3 Be7 8. Be2
O-O 9. Qd2 a6 10. O-O f6 11. Kh1 cxd4 12. Nxd4 Nxd4 13. Bxd4 Qc7 14. Bg4 f5 15.
Be2 b5 16. g4 g6 17. gxf5 gxf5 18. Rg1+ Kh8 19. Bh5 Bb7 20. Rg2 Bc5 21. Ne2 Nb6
22. b3 Rac8 23. Rag1 Rg8 24. Ng3 Bxd4 25. Qxd4 Qc5 26. Qxc5 Rxc5 27. Bf7 Rg7
28. Ne4 dxe4 29. Rxg7 e3+ 30. R1g2 Bxg2+ 31. Rxg2 Rc8 32. Bxe6 Rd8 33. Re2 Rd2
34. Rxe3 Rxc2 35. Bxf5 Rf2 36. e6 Nd5 37. Rh3 Nxf4 38. Rxh7+ Kg8 39. Kg1 Re2
40. Ra7 Rxa2 41. Ra8+ Kg7 42. e7 1-0

[Event "CAN-ch U20 U1800"]
[Site "Toronto CAN"]
[Date "2019.08.08"]
[Round "2.27"]
[White "Prasanna, Shreyas"]
[Black "Stoica, Savas Marin"]
[Result "0-1"]
[WhiteElo "1412"]
[BlackElo "1605"]
[PlyCount "74"]
[EventDate "2019.08.08"]
[EventType "swiss"]
[EventRounds "8"]
[EventCountry "CAN"]

1. e4 d6 2. d4 Nf6 3. Nc3 g6 4. Bc4 Bg7 5. Nge2 O-O 6. O-O c6 7. Be3 b5 8. Bd3
Bb7 9. a3 Nbd7 10. f3 Qc7 11. b4 a6 12. a4 e5 13. a5 exd4 14. Bxd4 c5 15. bxc5
dxc5 16. Bxf6 Bxf6 17. Nd5 Bxd5 18. exd5 Bxa1 19. Qxa1 Qd6 20. c4 bxc4 21. Bxc4
Ne5 22. Qc3 Nxc4 23. Qxc4 Rab8 24. Rd1 Rfe8 25. Ng3 Rb4 26. Qc3 f5 27. Nf1 c4
28. Kh1 Re5 29. Qa3 Kf7 30. h3 Ke7 31. Ne3 Qc5 32. Nc2 Rb5 33. d6+ Kd7 34. Qc3
Rb3 35. Qd2 Rd3 36. Qc1 Qxd6 37. Rxd3 cxd3 0-1

[Event "CAN-ch U20 U1800"]
[Site "Toronto CAN"]
[Date "2019.08.08"]
[Round "2.28"]
[White "Yang, Brett"]
[Black "Singh, Anya"]
[Result "1-0"]
[WhiteElo "1575"]
[BlackElo "1243"]
[PlyCount "107"]
[EventDate "2019.08.08"]
[EventType "swiss"]
[EventRounds "8"]
[EventCountry "CAN"]

1. c4 Nf6 2. Nc3 g6 3. d4 Bg7 4. Nf3 O-O 5. g3 d6 6. Bg2 Nbd7 7. O-O c5 8. e3
Nb6 9. b3 Qc7 10. Re1 d5 11. cxd5 cxd4 12. Nb5 Qc5 13. Nfxd4 Nbxd5 14. Ba3 Qb6
15. Rc1 a6 16. Nc3 Nxc3 17. Rxc3 Qa5 18. b4 Qe5 19. Rc5 Qd6 20. Qb3 e6 21. Rd1
Qb6 22. Rdc1 Nd7 23. R5c4 Qd8 24. Rc7 Rb8 25. b5 Re8 26. b6 Qf6 27. Bxb7 Bxb7
28. Rxd7 Bd5 29. Qb1 Rec8 30. Rxc8+ Rxc8 31. b7 Bxb7 32. Rxb7 Qd8 33. Qb6 e5
34. Qxd8+ Rxd8 35. Nc6 Rd1+ 36. Kg2 Bf6 37. Rb8+ Kg7 38. Bf8+ Kg8 39. Bh6+ Bd8
40. Rxd8+ Rxd8 41. Nxd8 f6 42. Kf3 Kh8 43. Ke4 Kg8 44. Kd5 g5 45. Ke6 e4 46.
Kxf6 g4 47. Kf5 a5 48. Kxe4 a4 49. Kd5 a3 50. e4 Kh8 51. e5 Kg8 52. e6 Kh8 53.
e7 Kg8 54. e8=Q# 1-0

[Event "CAN-ch U20 U1800"]
[Site "Toronto CAN"]
[Date "2019.08.08"]
[Round "2.29"]
[White "Zhang, Henry X"]
[Black "Liu, Ricky"]
[Result "1-0"]
[WhiteElo "1589"]
[BlackElo "856"]
[PlyCount "85"]
[EventDate "2019.08.08"]
[EventType "swiss"]
[EventRounds "8"]
[EventCountry "CAN"]

1. e4 c5 2. d4 cxd4 3. c3 dxc3 4. Nxc3 Nc6 5. Bc4 Nf6 6. Nf3 d6 7. O-O g6 8.
Qb3 e6 9. Bg5 Bg7 10. Rfd1 Qa5 11. Rxd6 O-O 12. Rdd1 a6 13. Qc2 b5 14. Bb3 Bb7
15. a3 Rac8 16. Qe2 Ng4 17. Rac1 Nce5 18. Nxe5 Nxe5 19. Qd2 Nc4 20. Bxc4 Rxc4
21. Re1 Rfc8 22. Bh6 b4 23. Bxg7 Kxg7 24. Na2 Qc7 25. Rxc4 Qxc4 26. Nxb4 Bxe4
27. Nxa6 Bxg2 28. Kxg2 Qxa6 29. Kg1 Qa4 30. Qd1 Qc4 31. b4 Qa2 32. Qa1+ Qxa1
33. Rxa1 Kf8 34. a4 Ke7 35. Kf1 Rc2 36. a5 Rc7 37. a6 Ra7 38. b5 Kd7 39. b6 Ra8
40. b7 Rb8 41. a7 Rxb7 42. a8=Q Rc7 43. Rd1+ 1-0

[Event "CAN-ch U20 U1800"]
[Site "Toronto CAN"]
[Date "2019.08.08"]
[Round "2.30"]
[White "Dey, Jan Marten"]
[Black "Sokol, Anna"]
[Result "1/2-1/2"]
[WhiteElo "1381"]
[BlackElo "1588"]
[PlyCount "51"]
[EventDate "2019.08.08"]
[EventType "swiss"]
[EventRounds "8"]
[EventCountry "CAN"]

1. e4 e6 2. Nf3 d5 3. exd5 exd5 4. d4 Nf6 5. Bg5 Be7 6. Bd3 O-O 7. O-O b6 8. c3
c5 9. b3 Bb7 10. Qc2 g6 11. Bh6 Re8 12. Ne5 Bf8 13. Qd2 Bg7 14. Re1 Nbd7 15.
Bxg7 Kxg7 16. Na3 Nxe5 17. Rxe5 Rxe5 18. dxe5 Ne8 19. Re1 Nc7 20. Nb5 Nxb5 21.
Bxb5 a6 22. Bd3 d4 23. c4 Qh4 24. f3 Re8 25. Qf2 Qxf2+ 26. Kxf2 1/2-1/2

[Event "CAN-ch U20 U1800"]
[Site "Toronto CAN"]
[Date "2019.08.08"]
[Round "2.31"]
[White "Chen, Vincent"]
[Black "Wang, Derek"]
[Result "0-1"]
[WhiteElo "1368"]
[BlackElo "1370"]
[PlyCount "134"]
[EventDate "2019.08.08"]
[EventType "swiss"]
[EventRounds "8"]
[EventCountry "CAN"]

1. e4 c5 2. Nf3 d6 3. d4 cxd4 4. Nxd4 Nf6 5. Nc3 a6 6. Bg5 e6 7. f4 b5 8. a3
Bb7 9. Qf3 Be7 10. f5 e5 11. Nb3 Nbd7 12. O-O-O Qc7 13. Qd3 O-O 14. Qg3 Nh5 15.
Qh4 Bxg5+ 16. Qxg5 Nhf6 17. Nd5 Nxd5 18. exd5 Rac8 19. Bd3 Bxd5 20. Kb1 e4 21.
Ka1 exd3 22. Rxd3 Bxb3 23. Rg3 g6 24. cxb3 Qd8 25. Qh6 Qf6 26. Qh3 Rc2 27. Rb1
Nc5 28. Rf3 Nxb3+ 29. Rxb3 Qxf5 30. Qxf5 gxf5 31. Rg3+ Kh8 32. Rf1 Rg8 33. Rgf3
Rgxg2 34. Rxf5 Rg7 35. Rf6 Rxh2 36. Rxd6 Rg6 37. Rd7 f6 38. Rd6 f5 39. Rd8+ Rg8
40. Rd6 Rf8 41. Rxa6 f4 42. Re6 f3 43. Re3 f2 44. Rg3 Re8 45. Rxf2 Rxf2 46. Rb3
Rf5 47. Rb4 h5 48. Rh4 Rg8 49. Rh1 Kh7 50. Ka2 Kh6 51. Ka1 Rg4 52. Re1 Kg5 53.
Re8 h4 54. Rg8+ Kf4 55. Re8 Rh5 56. Rf8+ Kg3 57. Rc8 h3 58. Rc3+ Kf2 59. Rc2+
Ke3 60. Rc3+ Kd2 61. Kb1 h2 62. Rc2+ Kd3 63. Rc3+ Kd4 64. Ka2 h1=Q 65. a4 bxa4
66. Rd3+ Kxd3 67. Ka3 Qa1# 0-1

[Event "CAN-ch U20 U1800"]
[Site "Toronto CAN"]
[Date "2019.08.08"]
[Round "2.32"]
[White "Kaleem, Shayaan"]
[Black "Wang, Rachel"]
[Result "0-1"]
[WhiteElo "1387"]
[BlackElo "1646"]
[PlyCount "66"]
[EventDate "2019.08.08"]
[EventType "swiss"]
[EventRounds "8"]
[EventCountry "CAN"]

1. d4 d5 2. c4 dxc4 3. Nc3 e5 4. e3 exd4 5. exd4 Bd6 6. Bxc4 Nf6 7. Nf3 O-O 8.
O-O a6 9. Bg5 b5 10. Bb3 Bb7 11. Nd5 Bxh2+ 12. Kxh2 Bxd5 13. Bxd5 Qd6+ 14. Kg1
Nxd5 15. Re1 f6 16. Bh4 Nc6 17. a3 Nce7 18. Bg3 Qd7 19. Nh4 Rad8 20. Qd2 Nf5
21. Nxf5 Qxf5 22. Rac1 Qd7 23. Re4 Qf7 24. Qa5 f5 25. Re5 f4 26. Bh4 Rd6 27.
Qd2 Qd7 28. Re4 Qg4 29. Be7 Nxe7 30. Rxe7 f3 31. g3 Qh3 32. Rxg7+ Kxg7 33.
Rxc7+ Kh8 0-1

[Event "CAN-ch U20 U1800"]
[Site "Toronto CAN"]
[Date "2019.08.08"]
[Round "2.33"]
[White "Yao, Henry"]
[Black "Yang, Larry"]
[Result "0-1"]
[WhiteElo "1475"]
[BlackElo "1378"]
[PlyCount "162"]
[EventDate "2019.08.08"]
[EventType "swiss"]
[EventRounds "8"]
[EventCountry "CAN"]

1. e4 e5 2. Nf3 Nc6 3. Bc4 Bc5 4. O-O Nf6 5. d3 d6 6. Nbd2 Bg4 7. h3 Bh5 8. Re1
a6 9. c3 O-O 10. Nf1 b5 11. Bb3 b4 12. Ng3 Bg6 13. Bg5 Na5 14. Bc2 c6 15. Qd2
bxc3 16. bxc3 Rb8 17. Rab1 Ba7 18. Rxb8 Qxb8 19. Rb1 Qc7 20. Nh4 d5 21. Nhf5
dxe4 22. dxe4 Nc4 23. Qc1 Nh5 24. Nxh5 Bxh5 25. Bb3 Nd6 26. Qc2 Nb5 27. Qc1 Bg6
28. a4 Bxf5 29. exf5 Nd6 30. Qc2 Re8 31. f6 h6 32. Bd2 g5 33. h4 e4 34. hxg5
hxg5 35. Bxg5 Re5 36. Qd2 Rf5 37. Bh4 Rh5 38. Bg3 Nc4 39. Bxc7 Nxd2 40. Rb2
Nxb3 41. Rxb3 Rf5 42. Bb6 Bb8 43. Bd4 Bf4 44. c4 Ra5 45. g3 Bd6 46. Rb6 Rxa4
47. Rxc6 Bb4 48. c5 Bd2 49. Be5 Rc4 50. Rc7 e3 51. Bf4 Rxf4 52. fxe3 Bxe3+ 53.
Kg2 Rc4 54. c6 Bb6 55. Rc8+ Kh7 56. Ra8 a5 57. Rc8 a4 58. Kh3 Kg6 59. Ra8 Kxf6
60. Ra6 Rxc6 61. Rxa4 Bc7 62. Rh4 Rc3 63. Rg4 Ke6 64. Kg2 f6 65. Rg7 Be5 66.
Kf2 Bd4+ 67. Kg2 Kf5 68. Rd7 Be5 69. Rg7 Ke4 70. Rg4+ Ke3 71. Rg8 Rc2+ 72. Kh3
Kf3 73. Rd8 Rc1 74. Rd3+ Ke4 75. Rb3 Rg1 76. Kh2 Rxg3 77. Rxg3 Bxg3+ 78. Kxg3
Ke3 79. Kg4 Ke4 80. Kg3 f5 81. Kg2 Ke3 0-1